Metal subgenres - Statistics

General Stats
  • This quiz has been taken 179 times
  • The average score is 15 of 24
Answer Stats
Hint What kind of metal? % Correct
Cannibal Corpse | Death death
98%
Anthrax | Metallica thrash
95%
Iron Maiden | Judas Priest NWOBHM
93%
Mayhem | Rotting Christ black
92%
Korn | Linkin Park numetal
91%
Poison | Mötley Crüe glam, or hair
84%
Candlemass | Saint Vitus doom
78%
Rammstein | Nine Inch Nails industrial
78%
Helloween | Gamma Ray power
72%
As I Lay Dying | Killswitch Engage metalcore
68%
Dream Theater | Fates Warning progressive
66%
Nightwish | Within Temptation symphonic
62%
Korpiklaani | The Hu folk
60%
Pig Destroyer | Nasum grindcore
57%
Pantera | Sepultura groove
57%
Alestorm | Swashbuckle pirate
50%
Crowbar | Eyehategod sludge
50%
Babymetal | Necronomidol kawaii
43%
Sentenced | Paradise Lost gothic
39%
Acid King | Kyuss stoner
39%
Yngwie Malmsteen | Stratovarius neoclassical
27%
Isis | Neurosis post
25%
Peccatum | Arcturus avant-garde
18%
Cruachan | Primordial Celtic
18%
No matching quizzes found
Score Distribution
Percent of People with Each Score
Percentile by Number Answered
Your Score History
You have not taken this quiz